LEADER 00848nam a2200241 i 4500 001 000000154891 003 CaOOAMICUS 005 20061027000000.0 008 061027s1991 it u000 u ita u 013 $a132240 020 $a88-7692-126-5 040 $aSeMil$bita 100 1 $aGregory, Augusta.$0(OLS)http://semarc/name/7675 245 12$aI Fianna. 300 $a367 p. 490 0 $aIl flauto magico ;$v8 773 0 $aGregory, Augusta$tDei e guerrieri.$dPordenone : Studio Tesi, 1991.$w()16684 830 3$aIl flauto magico ;$v8.$0(OLS)http://semarc/title/21706 850 $aSeMil 852 $aSeMil$W1$xVenegono$y1$m1W VI 256$j106743$B106743$CSeMilBibl$Z2$F115979 $81 961 $aOmaggio: Ciprandi dott. Paolo 996 $6020$a88-7692-126-5$9(OLS)http://semarc/number/144871 996 $6245$aI Fianna$9(OLS)http://semarc/title/226769 LEADER 01088nam a2200253 i 4500 001 000000137166 003 CaOOAMICUS 005 20050407000000.0 008 050407s1976 it u000 u ita u 013 $a110903 040 $aSeMil$bita 245 10$aOpere di Giuseppe Giusti /$ca cura di Nunzio Sabbatucci. 260 $aTorino :$bUnione Tipografico-Editrice Torinese,$c1976. 300 $a874 p., [8] c. di tav. ;$c24 cm. 490 0 $aClassici Italiani 500 $aContiene : Nota Bibliografica. 650 4$aGiusti, Giuseppe <1809-1850> - Opere.$0(OLS)http://semarc/subject/26938 700 1 $aSabbatucci, Nunzio.$0(OLS)http://semarc/name/55715 700 1 $aGiusti, Giuseppe,$d<1809-1850>.$0(OLS)http://semarc/name/11082 830 0$aClassici Italiani .$0(OLS)http://semarc/title/16424 850 $aSeMil 852 $aSeMil$W1$xVenegono$y1$m1G I 50$j238618$B90729$CSeMilBibl$Z2$F95595 $81 996 $6245$aOpere di Giuseppe Giusti$9(OLS)http://semarc/title/200418 996 $6260$aTorino :$bUnione Tipografico-Editrice Torinese$9(OLS)http://semarc/publisher/29628 LEADER 01546nam a2200313 i 4500 001 000000191598 003 CaOOAMICUS 005 20100811000000.0 008 100811s2010 it u000 u ita u 013 $a170168 020 $a978-88-568-1648-8 040 $aSeMil$bita 100 1 $aAlford, Helen,$c.$0(OLS)http://semarc/name/36493 245 10$aResponsabilità sociale d'impresa e dottrina sociale della Chiesa cattolica /$cHelen Alford ... [et al.] ; a cura di Helen Alford ; Gianfranco Rusconi e Eros Monti. 260 $aMilano :$bFranco Angeli,$ccopyr. 2010. 300 $a234 p. ;$c23 cm. 490 0 $aPersona, Imprese e Società ;$v9 650 4$aChiesa cattolica - Dottrina sociale.$0(OLS)http://semarc/subject/330 650 4$aImpresa - Aspetti etici.$0(OLS)http://semarc/subject/16869 650 4$aIjmpresa - Saggi.$0(OLS)http://semarc/subject/36083 700 1 $aMonti, Eros,$d<1958- >.$0(OLS)http://semarc/name/20033 700 1 $aRusconi, Gianfranco.$0(OLS)http://semarc/name/59223 830 0$aPersona, imprese e società / ACLI Milanesi ;$v9.$0(OLS)http://semarc/title/423339 850 $aSeMil 852 $aSeMil$W1$xVenegono$y1$m3M IV 208$j142212$B142212$CSeMilBibl$Z2$F153814 $81 961 $aOmaggio: Monti don Eros 996 $6020$a978-88-568-1648-8$9(OLS)http://semarc/number/182718 996 $6245$aResponsabilità sociale d'impresa e dottrina sociale della Chiesa cattolica$9(OLS)http://semarc/title/276090 996 $6260$aMilano :$bFranco Angeli$9(OLS)http://semarc/publisher/30369